1699 1514 1886 1114 1217 1076 1507 1941 1391 1083 1102 1623 1832 1724 1199 1782 1104 1270 1884 1273 1010 1515 1257 1257 1232 1883 1934 1886 1481 1291 1267 1578 1368 1362 1232 1353 1986 1761 1324 1892 1359 1891 1280 1057 1386 1441 1421 1025 1867 1040 1023 1343 1262 1251 1122 1142 1917 1774 1810 1959 1179 1850 1419 1390 1262 1386 1825 1294 1834 1673 1689 1437 1849 1803 1041 1856 1162 1823 1580 1869 1643 1127 1984 1554 1969 1773 1042 1262 1421 1550 1828 1685 1110 1571 1719 1533 1694 1829 1083 BCNSPRNW ULIB Ver.6.0+V

เปลี่ยนเป็นภาษาไทย

Change to English
 แสดงรายละเอียดบรรณานุกรม
  กลับหน้าหลัก

Brief Record : Get Marc (ISO 2709) : E-mail record : QR code < ปิดหน้าต่าง
LEADER : 00000nam 2200000uu 4500
001    13399113985
003     ULIB
008    120120s2554||||th 000 0 tha d
020    ^a9789741111015
060 04 ^aWT100^bป525 2554
245 00 ^aปัญหาสุขภาพที่พบบ่อยในผู้สูงอายุและการป้องกัน /^cประเสริฐ อัสสันตชัย, บรรณาธิการ
250    ^aพิมพ์ครั้งที่ 2
260    ^aกรุงเทพฯ :^bภาควิชาเวชศาสตร์ป้องกันและสังคมคณะแพทยศาสตร์ศิริราชพยาบาล มหาวิทยาลัยมหิดล,^c2554
300    ^aก-ญ, 490 หน้า :^bภาพประกอบ ;^c30 ซม.
500    ^aหนังสือได้รับรางวัลประเภทดี รางวัลตำราศิริราช-มหิดล ปี2554
650  7 ^aผู้สูงอายุ^xสุขภาพและอนามัย
650  7 ^aผู้สูงอายุ
650  7 ^aรางวัลตำราศิริราช-มหิดล
653    ^aผลงานอาจารย์คณะแพทยศาสตร์ศิริราชพยาบาล
700 0  ^aประเสริฐ อัสสันตชัย,^eบรรณาธิการ
710 2  ^aมหาวิทยาลัยมหิดล. ^bคณะแพทยศาสตร์ศิริราชพยาบาล.^bภาควิชาเวชศาสตร์ป้องกันและสังคม
945    ^p800^l0^i18684
945    ^p800^l0^i18987
945    ^p800^l0^i18988
945    ^p800^l0^i18989
995    ^aเกษร
999    ^aใช้งานได้ทุกระบบ
รายการนี้ยังไม่มีแท็ก
คุณยังไม่ได้ล็อกอิน คุณสามารถมีกิจกรรมร่วมกับเว็บไซต์ได้ แต่ต้องล็อกอินก่อน ::
  ล็อกอิน

รายการสื่อสารสนเทศ

ลำดับที่ ประเภท เลขเรียก/บาร์โค้ด สถานที่ สถานะ
1. วิทยาศาสตร์การแพทย์ และสุขภาพ
วิทยาศาสตร์การแพทย์ และสุขภาพ
สถานะ=หนังสือเก่า
WT100 ป525 2554 ฉ.1 
  Barcode: 18684
ห้องสมุดวิทยาเขตนครสวรรค์
►ส่วนจัดเก็บหนังสือเก่า นว.
บนชั้น
  ขอยืม
2. วิทยาศาสตร์การแพทย์ และสุขภาพ
วิทยาศาสตร์การแพทย์ และสุขภาพ
สถานะ=หนังสือเก่า
WT100 ป525 2554 ฉ.2 
  Barcode: 18987
ห้องสมุดวิทยาเขตนครสวรรค์
►ส่วนจัดเก็บหนังสือเก่า นว.
บนชั้น
  ขอยืม
3. วิทยาศาสตร์การแพทย์ และสุขภาพ
วิทยาศาสตร์การแพทย์ และสุขภาพ
สถานะ=หนังสือเก่า
WT100 ป525 2554 ฉ.3 
  Barcode: 18988
ห้องสมุดวิทยาเขตนครสวรรค์
►ส่วนจัดเก็บหนังสือเก่า นว.
บนชั้น
  ขอยืม
4. วิทยาศาสตร์การแพทย์ และสุขภาพ
วิทยาศาสตร์การแพทย์ และสุขภาพ
สถานะ=หนังสือเก่า
WT100 ป525 2554 ฉ.4 
  Barcode: 18989
ห้องสมุดวิทยาเขตนครสวรรค์
►ส่วนจัดเก็บหนังสือเก่า นว.
บนชั้น
  ขอยืม

รายการใกล้เคียง
    หัวเรื่อง [ผู้สูงอายุ]
    หัวเรื่อง [รางวัลตำราศิริราช-มหิดล]

BibComment


ยังไม่เคยถูกคอมเมนท์

คอมเมนท์ทรัพยากรรายการนี้
  คอมเมนท์: ปัญหาสุขภาพที่พบ..


 Copyright 2026. Bcnsprnw @Library